000 00719na a2200277 4500
001 22106
003 MIRAKIL
005 20181213155252.0
008 170210b tu 000 0
035 _a22106
040 _aMilas
_btur
_cTR-AnCHP
041 _atur
090 _aSHP 6
110 _aSosyaldemokrat Halkçı Parti (SHP)
245 _aTüzük 1993
_cSHP
246 _aSHP 1993 Tüzük
246 _aTüzük
260 _aAnkara
_b[SHP]
_c1993
300 _a117 s.
_c12 sm.
610 _aSosyaldemokrat Halkçı Parti (SHP)
_xTüzükler, 1993
651 _aTürkiye
_xSiyaset ve yönetim
_y1993
657 _aSHP tüzükleri
830 _aSHP tüzükleri
942 _2ddc
_cBKS
999 _c9621
_d9621